000
00302nam a22001217a 4500
008
180606b xxu||||| |||| 00| 0 eng d
041
_a
eng
080
_a
043.3
100
_a
0
101
_a
SHKI-BA
245
_a
Implementimi i Voice Over IP (VolP) ne Ministrine e Arsimit
_c
Tolaj, I
942
_2
udc
_c
BK
999
_c
46470
_d
46470